Testing Object-Oriented Software : Life Cycle Solutions /

Na minha lista:
Detalhes bibliográficos
Autor principal: Bashir, Imran (autor)
Outros Autores: Goel, Amrit L. (autor) (autor)
Formato: Livro
Idioma:inglês
Publicado em: Nueva York, EUA : Springer, 1999, c1999
Assuntos:
Tags: Adicionar Tag
Sem tags, seja o primeiro a adicionar uma tag!

MARC

LEADER 00000nam^a2200000^a^4500
001 000159432
005 20250521000000.0
009 20260310100648.673
020 |a 0-387-98896-3 
037 |a Acervo ITESO - Biblioteca 
041 |a ING 
082 |a 005. 14  |b BAS 
100 |a Bashir, Imran  |e (autor) 
245 1 0 |a Testing Object-Oriented Software :  |b Life Cycle Solutions /  |c I. Bashir, A.L. Goel ; pról. de Douglas Lea. 
264 4 |a Nueva York, EUA :  |b Springer,  |c 1999, c1999 
300 |a XVII, 209 p. 
336 |a texto  |b txt  |2 rdacontenido 
337 |a sin mediación  |b n  |2 rdamedio 
338 |a volumen  |b nc  |2 rdasoporte 
649 |a XX 
650 |a Paquetes (Software) -  |x Prueba y Medición 
650 |a Calidad del Producto 
650 |a Control de Procesos 
650 |a Control de Calidad 
650 |a Proceso de Producción 
650 |a Administración del Producto 
650 |a Ingeniería de Procesos 
650 |a Programación Orientada a Objetos 
650 |a Programación (Software) -  |x Evaluación 
650 |a Desarrollo de Sistemas 
650 |a Sistemas Computacionales 
650 |a Ingeniería Industrial 
650 |a Ingeniería de Software 
650 |a Ingeniería Computacional 
700 |a Goel, Amrit L.  |e (autor) 
910 |a Fondo General 
920 |a Impresos - Libros 
930 |a Colección General 
905 |a 101 
901 |a 0500090966  |b IT1  |c ACC  |u 20250521 
902 |a https://opac.biblio.iteso.mx/vufind/Record/000159432